[Event "AUTO-INT-2366"]
[Site "http://www.queenalice.com/game.php?id=1109949"]
[Date "2012.10.6"]
[Round "2"]
[White "thigo"]
[Black "guizimba"]
[Result "0-1"]
[WhiteElo "1562"]
[BlackElo "1597"]

1. e4 e5 2. Nc3 Bb4 3. Bc4 Bxc3 4. dxc3 Nc6 5. Nf3 Nf6 6. Ng5 O-O 7. Be3 d6 8.
Qf3 Qe7 9. O-O-O Bg4 10. Qg3 Bxd1 11. Kxd1 a6 12. h4 b5 13. Bd3 Nh5 14. Qg4 g6
15. g3 f6 16. Nf3 f5 17. exf5 Nf6 18. Qg5 Nd5 19. Be4 Nxe3+ 20. Qxe3 gxf5 21.
Bxc6 Rac8 22. Bb7 Rcd8 23. Bxa6 Ra8 24. Bb7 Rxa2 25. Bd5+ Kh8 26. Kd2 Rxb2 27.
Ra1 f4 28. Qe4 h6 29. Ra8 Rxa8 30. Bxa8 Qe6 31. Bd5 Qg4 32. Bc6 b4 33. Bb5 bxc3+
34. Kxc3 Rxb5 35. Kc4 d5+ 36. Kxb5 dxe4 37. Nxe5 Qe2+ 38. Nc4 f3 39. c3 Qxf2 40.
Ne5 Qxg3 41. Nf7+ Kg7 42. Nd8 f2 43. Ne6+ Kh8 44. c4 f1=Q 45. h5 Qb3+ 46. Kc6
Qfxc4+ 47. Kd7 Qxe6+ 48. Kxc7 Qbb6# 0-1

[Event "AUTO-INT-2366"]
[Site "http://www.queenalice.com/game.php?id=1109950"]
[Date "2012.10.6"]
[Round "2"]
[White "guizimba"]
[Black "lordmago"]
[Result "1-0"]
[WhiteElo "1611"]
[BlackElo "1618"]

1. e4 e5 2. Nf3 d6 3. Bc4 h6 4. O-O Bg4 5. d3 Bxf3 6. Qxf3 Qf6 7. Qxf6 Nxf6 8.
Nc3 Nc6 9. Nd5 Nxd5 10. Bxd5 f6 11. Bxc6+ bxc6 12. c4 Be7 13. b4 Rb8 14. Ba3 d5
15. exd5 cxd5 16. c5 O-O 17. Rae1 c6 18. d4 e4 19. f3 exf3 20. Rxe7 Rf7 21. Rxf7
Kxf7 22. Rxf3 g5 23. g4 Re8 24. Rh3 Kg6 25. Rf3 Re2 26. Rf2 Re3 27. Bc1 Re4 28.
h3 Rxd4 29. Bb2 Rf4 30. Rxf4 gxf4 31. a4 f5 32. gxf5+ Kxf5 33. Kf2 h5 34. Kf3 a6
35. Bc1 Ke5 36. Bxf4+ Kf5 37. Be3 Kg6 38. Kf4 Kf6 39. h4 Kg6 40. Ke5 Kf7 41. Kd6
1-0

[Event "AUTO-INT-2366"]
[Site "http://www.queenalice.com/game.php?id=1109951"]
[Date "2012.10.6"]
[Round "2"]
[White "lordmago"]
[Black "guizimba"]
[Result "1/2-1/2"]
[WhiteElo "1594"]
[BlackElo "1596"]

1. e4 e5 2. d3 Nf6 3. Bg5 Be7 4. Bxf6 Bxf6 5. Nf3 O-O 6. Nc3 Nc6 7. Qd2 d6 8.
Nd5 h6 9. c3 b6 10. Nxf6+ Qxf6 11. Be2 Bg4 12. h3 Bxf3 13. Bxf3 a5 14. O-O b5
15. b3 b4 16. c4 Nd4 17. Qd1 Nxf3+ 18. Qxf3 Qxf3 19. gxf3 g5 20. Kh2 f5 21. Rg1
f4 22. h4 Kf7 23. hxg5 hxg5 24. Rxg5 Rh8+ 25. Kg2 Rhg8 26. Rxg8 Rxg8+ 27. Kf1
Rh8 28. Kg2 Rg8+ 29. Kf1 c5 30. Ke2 Kf6 31. a3 Ke6 32. axb4 axb4 33. Rh1 Rg6 34.
Kf1 Rg7 35. Rh6+ Kd7 36. Ke2 Kc6 37. Rh1 Ra7 38. Rb1 Ra2+ 39. Ke1 Kb6 1/2-1/2

[Event "AUTO-INT-2366"]
[Site "http://www.queenalice.com/game.php?id=1109952"]
[Date "2012.10.6"]
[Round "2"]
[White "guizimba"]
[Black "Guzgui"]
[Result "1-0"]
[WhiteElo "1627"]
[BlackElo "1533"]

1. e4 Nc6 2. Bb5 Rb8 3. Bxc6 bxc6 4. Nf3 d5 5. e5 Bg4 6. O-O f6 7. exf6 gxf6 8.
h3 Bxf3 9. Qxf3 Bh6 10. Qh5+ Kf8 11. d4 Bxc1 12. Rxc1 Qe8 13. Qxe8+ Kxe8 14. b3
Nh6 15. g4 Rg8 16. f3 f5 17. Kh2 fxg4 18. hxg4 Rb4 19. c4 e6 20. Nd2 a5 21. a3
Rb7 22. c5 Ke7 23. Rab1 Nf7 24. Kg3 h5 25. b4 hxg4 26. fxg4 Nh6 27. Kf3 Nxg4 28.
Kf4 Rbb8 29. Rg1 Rbf8+ 30. Kg3 Nf2+ 31. Kh2 Rh8+ 32. Kg2 Ne4 33. Nxe4 Rh7 34.
Rbf1 Rg7+ 35. Ng3 Rfg8 36. Rf3 Rg5 37. bxa5 e5 38. dxe5 Ke6 39. Re1 1-0

[Event "AUTO-INT-2366"]
[Site "http://www.queenalice.com/game.php?id=1109953"]
[Date "2012.10.6"]
[Round "2"]
[White "Guzgui"]
[Black "guizimba"]
[Result "0-1"]
[WhiteElo "1515"]
[BlackElo "1605"]

1. e4 e5 2. Nf3 d6 3. Nc3 c6 4. d4 exd4 5. Nxd4 d5 6. e5 Bb4 7. h4 Be6 8. Qe2
Bxc3+ 9. bxc3 c5 10. Nxe6 fxe6 11. Qg4 g6 12. Qxe6+ Ne7 13. Bb5+ Nd7 14. Be3 a6
15. Be2 Nf8 16. Qf6 Rg8 17. Rb1 Nd7 18. Qf3 Nxe5 19. Qf4 Nd7 20. Bg4 Rf8 21. Qa4
b5 22. Qa3 Nf6 23. Be6 Qd6 24. Bh3 b4 25. cxb4 c4 26. O-O Ne4 27. Qa4+ Kf7 28.
Qa3 d4 29. Rbd1 d3 30. cxd3 Kg8 31. Bc5 Nxc5 32. dxc4 Qf4 33. bxc5 Qxh4 34. Rd7
Nf5 35. Bxf5 Rxf5 36. c6 Rh5 37. f3 Rd8 38. c7 Rc8 39. Qb2 Qh1+ 40. Kf2 Qh4+ 41.
Ke2 Re8+ 42. Kd2 Qg5+ 43. f4 Qxg2+ 0-1

[Event "OS INCLIVEIS"]
[Site "http://www.queenalice.com/game.php?id=1133572"]
[Date "2012.12.22"]
[Round "-"]
[White "adelio"]
[Black "guizimba"]
[Result "1-0"]
[WhiteElo "1804"]
[BlackElo "1605"]

1. d4 Nf6 2. c4 d5 3. Nc3 dxc4 4. e4 e6 5. Bg5 Be7 6. Bxf6 Bxf6 7. Nf3 O-O 8.
Bxc4 Nc6 9. e5 Be7 10. a3 a6 11. h4 b5 12. Bd3 b4 13. Ne2 bxa3 14. bxa3 a5 15.
Nf4 Nxd4 16. Nxd4 Qxd4 17. Bxh7+ Kxh7 18. Qxd4 Ba6 19. Qe4+ 1-0

[Event "AUTO-INT-2523"]
[Site "http://www.queenalice.com/game.php?id=1136724"]
[Date "2013.1.3"]
[Round "1"]
[White "spin27"]
[Black "guizimba"]
[Result "1-0"]
[WhiteElo "1594"]
[BlackElo "1639"]

1. e4 e5 2. d3 Nf6 3. Nc3 Bb4 4. Bd2 O-O 5. Na4 Bxd2+ 6. Qxd2 b5 7. Nc3 c6 8.
O-O-O Qa5 9. a3 b4 10. axb4 Qxb4 11. Na2 Qxd2+ 12. Rxd2 d5 13. exd5 cxd5 14. b3
Nc6 15. g3 a5 16. Nc3 d4 17. Na4 Nb4 18. Nb6 Rb8 19. Nxc8 Rbxc8 20. Nf3 e4 21.
dxe4 1-0

[Event "AUTO-INT-2523"]
[Site "http://www.queenalice.com/game.php?id=1136725"]
[Date "2013.1.3"]
[Round "1"]
[White "guizimba"]
[Black "spin27"]
[Result "0-1"]
[WhiteElo "1621"]
[BlackElo "1612"]

1. e4 e5 2. Nf3 Nc6 3. Bb5 Qf6 4. O-O a5 5. c3 b6 6. d3 Ba6 7. Bxa6 Rxa6 8. Qe2
a4 9. a3 Na5 10. d4 exd4 11. cxd4 Ra8 12. e5 Qe6 13. Bd2 Nb3 14. Ng5 Qf5 15. Ra2
Nxd2 16. Qxd2 Be7 17. Nf3 Nh6 18. h3 d5 19. Nc3 c6 20. Raa1 f6 21. Nh4 Qg5 0-1

[Event "AUTO-INT-2523"]
[Site "http://www.queenalice.com/game.php?id=1136740"]
[Date "2013.1.3"]
[Round "1"]
[White "thigo"]
[Black "guizimba"]
[Result "1-0"]
[WhiteElo "1575"]
[BlackElo "1497"]

1. b3 e5 2. g3 d5 3. Bb2 Nc6 4. Bg2 Nf6 5. e3 Bd6 6. Nc3 Be6 7. d4 e4 8. Qe2 O-O
9. O-O-O Bg4 10. f3 exf3 11. Bxf3 Bxf3 12. Nxf3 a6 13. Qd3 b5 14. h4 Bxg3 15. h5
h6 16. Rhg1 Nb4 17. Qf5 Bf2 18. Rg2 Bxe3+ 19. Kb1 c6 20. Re1 Re8 21. Rge2 Bg5
22. Rxe8+ Nxe8 23. Nxg5 hxg5 24. Rh1 f6 25. Qg6 Qe7 26. h6 Qf7 27. h7+ Kf8 28.
h8=Q+ 1-0

[Event "AUTO-INT-2523"]
[Site "http://www.queenalice.com/game.php?id=1136741"]
[Date "2013.1.3"]
[Round "1"]
[White "guizimba"]
[Black "thigo"]
[Result "0-1"]
[WhiteElo "1484"]
[BlackElo "1588"]

1. e4 b6 2. d4 g6 3. Bc4 Bb7 4. Nc3 Bg7 5. Nf3 e6 6. O-O Na6 7. a3 d5 8. Bd3 Qe7
9. e5 O-O-O 10. Bg5 f6 11. exf6 Bxf6 12. Bxf6 Nxf6 13. b4 Qd6 14. Nb5 Qf4 15.
Nxa7+ Kb8 16. Bxa6 Kxa7 17. Bxb7 Kxb7 18. Qc1 Qf5 19. c4 Ne4 20. c5 Rc8 21. c6+
Kb8 22. Qc2 Nd6 23. Qxf5 Nxf5 24. b5 Nd6 25. a4 Nc4 26. Ne5 Nxe5 27. a5 Nc4 0-1

[Event "AUTO-INT-2523"]
[Site "http://www.queenalice.com/game.php?id=1136752"]
[Date "2013.1.3"]
[Round "1"]
[White "guizimba"]
[Black "tianedutra"]
[Result "0-1"]
[WhiteElo "1512"]
[BlackElo "1586"]

1. e4 c5 2. Bc4 e6 3. Nf3 Nc6 4. c3 d5 5. exd5 exd5 6. Bb5 Bd6 7. Qe2+ Ne7 8. d4
O-O 9. Bg5 Re8 10. Bxc6 bxc6 11. O-O f6 12. Bh4 Nf5 13. Qd2 Qc7 14. Re1 Bd7 15.
Rxe8+ Rxe8 16. g3 cxd4 17. Nxd4 Nxh4 18. f4 Nf5 19. Nxf5 Bxf5 20. Na3 Bc5+ 21.
Kf1 Qa5 0-1

[Event "AUTO-INT-2523"]
[Site "http://www.queenalice.com/game.php?id=1136753"]
[Date "2013.1.3"]
[Round "1"]
[White "tianedutra"]
[Black "guizimba"]
[Result "1-0"]
[WhiteElo "1572"]
[BlackElo "1526"]

1. e4 e5 2. Bc4 d6 3. Nf3 h6 4. Nc3 c6 5. O-O b5 6. Bb3 b4 7. Ne2 Bg4 8. Ng3 g6
9. h3 Bxf3 10. Qxf3 Qf6 11. Qg4 h5 12. Qc8+ Qd8 13. Bxf7+ Ke7 14. Qxd8+ Kxd8 15.
Bxg6 h4 16. Nf5 Nd7 17. d4 Ne7 18. Bg5 Rg8 19. Bh7 Rxg5 20. Nxd6 Nc8 21. Nf7+
1-0